Klasika je nadovšetko

Ak chce firma na dnešnom presýtenom trhu uspieť, musí inovovať. Vôbec pritom nezáleží na tom, akému odvetviu sa venuje, nové stimuly a novinky sú nevyhnutnosťou, inak prichádza zákonitý pád. Inak to nie je ani v kategórii zmrzlín. Zákazník rád experimentuje a ochutnáva, nechá sa lákať na nový druh z...

Ausführliche Beschreibung

Gespeichert in:
Bibliographische Detailangaben
1. Verfasser: Kapitán, Peter
Format: Buchkapitel
Sprache:Slowakisch
Schlagworte:
Tags: Tag hinzufügen
Keine Tags, Fügen Sie das erste Tag hinzu!

MARC

LEADER 00000naa a2200000 4500
001 0294268
005 20240417075239.8
041 0 |a slo 
044 |a CZ 
245 1 0 |a Klasika je nadovšetko  |c Peter Kapitán 
520 |a Ak chce firma na dnešnom presýtenom trhu uspieť, musí inovovať. Vôbec pritom nezáleží na tom, akému odvetviu sa venuje, nové stimuly a novinky sú nevyhnutnosťou, inak prichádza zákonitý pád. Inak to nie je ani v kategórii zmrzlín. Zákazník rád experimentuje a ochutnáva, nechá sa lákať na nový druh zážitku. Zákazník rád experimentuje a ochutnáva, nechá sa lákať na nový druh zážitku. Zmrzliny však predsa len majú jedno špecifikum. Nech je novinka akokoľvek lákavá a chutná, spotrebiteľ aj tak napokon skončí pri tradičnej vanilkovej či čokoládovej zmrzline. 
610 2 0 |a potraviny mrazené 
610 2 0 |a sortiment tovaru 
610 2 0 |a dopyt spotrebiteľský 
610 2 0 |a preferencie spotrebiteľské 
610 2 0 |a tržby 
100 1 |a Kapitán, Peter